000 00438nas a2200169 a 4500
001 60379
003 132409
005 20230207111752.0
008 ||||||n9999 ||| || ||
040 _aCO-BoESAP
_bspa
_cCO-BoESAP
041 _aspa
245 0 _aRevista IIDH - No.13
260 _aCosta Rica :
_bInstituto Interamericano de Derechos Humanos,
_c1991.
562 _e1
773 _060378
_aRevista IIDH :
942 _cSISS
_2ddc
999 _c60379
_d60379